000 00315nam a22001337a 4500
008 190305b xxu||||| |||| 00| 0 eng d
020 _a9780075546023
041 _aeng
080 _a371
100 _a46
101 _aEDU
245 _aThe Rhetoric and the Poetics of Aristotle
_cCorbett,E.P.J
942 _2udc
_cBK
999 _c54546
_d54546